| 000 | 00550nam a2200181Ia 4500 | ||
|---|---|---|---|
| 999 |
_c14591 _d14591 |
||
| 003 | OSt | ||
| 005 | 20201117152538.0 | ||
| 008 | 190216s9999||||xx |||||||||||||| ||und|| | ||
| 020 | _a9788176257732 | ||
| 040 | _coclc | ||
| 082 |
_a428.0071054 _bNAI/T |
||
| 100 |
_aNaik, Shantha N _96672 |
||
| 245 | 0 |
_aTeaching English Language Through Literature / _cShantha N Naik |
|
| 260 |
_bSarup Book Publishers, _c2011. _aNew Delhi; |
||
| 300 | _a119p | ||
| 650 | _aEnglish | ||
| 942 |
_cBK _2ddc _h428.0071054 _iNAI/T _k428.0071054 _mNAI/T |
||